Cities by Tourist Attraction #2 - Statistics

General Stats
  • This quiz has been taken 32,172 times
  • The average score is 11 of 22
Answer Stats
Attraction City % Correct
The Statue of Liberty New York
100%
Westminster Abbey London
95%
Notre Dame Cathedral Paris
94%
Sistine Chapel Vatican City
90%
Lenin's Mausoleum Moscow
73%
The Forbidden City Beijing
67%
Waikiki Honolulu
61%
Bondi Beach Sydney
57%
Willis Tower Chicago
55%
Independence Hall Philadelphia
55%
Hagia Sophia Istanbul
53%
Taj Mahal Agra
40%
Mall of America Minneapolis
40%
Schönbrunn Palace Vienna
38%
Pike Place Market Seattle
37%
SeaWorld (original) San Diego
36%
The Kaaba Mecca
32%
Temple Bar Dublin
24%
Pyramid of the Sun Mexico City
24%
Budweiser Brewery St. Louis
24%
Pleasure Beach Blackpool
12%
Golden Pavilion Temple Kyoto
11%
No matching quizzes found
Score Distribution
Percent of People with Each Score
Percentile by Number Answered
Your Score History
You have not taken this quiz